| 000 | 01088nam0a2200325 i 4500 | ||
|---|---|---|---|
| 001 | RU\NLR\BIBL_A\011199708 | ||
| 005 | 20241103105110.0 | ||
| 010 |
_a9785227068965 _93000 |
||
| 021 |
_aRU _b2016-60490 _93839 |
||
| 035 | _a(NILC)RuMoRGB-008566444 | ||
| 035 | _a(NLR Aleph) 011199708 | ||
| 090 |
_a11914216 _c11914216 |
||
| 100 | _a20160824d2016 km y0rusy50 ca | ||
| 101 | 0 | _arus | |
| 102 | _aRU | ||
| 105 | _aa|||z|||000yy | ||
| 200 | 1 |
_aЛечим суставы народными методами _fЮрий Константинов |
|
| 210 |
_aМосква _cЦентрполиграф _d2016 |
||
| 215 |
_a157, [1] с. _d17 |
||
| 225 | 1 | _aКарманный целитель | |
| 606 |
_aСуставы _xБолезни _xТерапия народными средствами _92313471 _3RU\NLR\AUTH\661384450 |
||
| 675 | _a616.7 | ||
| 686 | 1 | _aР418.12-5 | |
| 700 | 1 |
_aКонстантинов _bЮ. _gЮрий |
|
| 801 | 0 |
_aRU _bРГБ _c20160802 _gRCR |
|
| 801 | 2 |
_aRU _bРГБ _c20160805 _grcr |
|
| 942 | _cBOOK | ||
| 980 | _aNBR | ||